000 00639nam a2200193Ia 4500
003 GCL
008 140319s9999 xx 000 0 ara d
040 _aGCL /
_cGCL
082 0 4 _a928.1
_bع د
100 1 _aعمر شرف الدين
245 1 0 _aالدكتور كمال اسماعيل : انسانا وشاعرا /
_cعمر شرف الدين
300 _a259 ص
490 _aشعراء مصر اليوم
_v0
650 0 4 _aالشعر العربى
650 0 4 _aالشعراء العرب
650 0 4 _aالشعر العربى - تاريخ ونقد
650 0 4 _aالشعر العربى - العصر الحديث
942 _2ddc
_cBK
999 _c42061
_d42061